[Event "Madrid Vicalvaro op"]
[Site "Madrid"]
[Date "2022.05.29"]
[Round "4"]
[White "Rodil Gavala, Alejandro"]
[Black "Martinez Batalla, Jorge"]
[Result "1-0"]
[WhiteElo "1239"]
[BlackElo "1471"]
[PlyCount "87"]
[EventDate "2022.05.08"]
[EventType "swiss"]
[EventRounds "7"]
[EventCountry "ESP"]
[SourceTitle "EXT 2024"]
[Source "ChessBase"]
[SourceDate "2023.10.10"]
[SourceVersion "1"]
[SourceVersionDate "2023.10.10"]
[SourceQuality "1"]

1. d4 b6 2. Nc3 Bb7 3. e4 e6 4. Bd3 Be7 5. Bf4 d6 6. Nf3 Nf6 7. Qe2 h6 8. h3 a6 9. 0-0 0-0 10. Rad1 Nh7 11. e5 Ng5 12. Bxg5 Bxg5 13. Nxg5 Qxg5 14. Ne4 Qh4 15. Qg4 Qxg4 16. hxg4 Rd8 17. c3 Nc6 18. f4 Ne7 19. Ng3 Rab8 20. Bc2 Nd5 21. Rde1 c5 22. a3 Rbc8 23. Bb3 cxd4 24. cxd4 b5 25. Ne4 dxe5 26. fxe5 Nb6 27. Nd6 Rc7 28. Rxf7 Rxf7 29. Bxe6 Rxd6 30. exd6 Kf8 31. Bxf7 Kxf7 32. Re7+ Kf8 33. Rxb7 Nc4 34. Ra7 Nxd6 35. Rxa6 Nc4 36. Ra8+ Kf7 37. Rb8 Nxb2 38. Rxb5 Nc4 39. a4 Nd6 40. Re5 Nc4 41. Rc5 Nd6 42. a5 Ke7 43. Rc7+ Kd8 44. Rxg7 1-0

[Event "Alcorcon Diagonal op 1st"]
[Site "Alcorcon"]
[Date "2022.02.26"]
[Round "7"]
[White "Garcia Granja, Jose"]
[Black "Rodil Gavala, Alejandro"]
[Result "1/2-1/2"]
[WhiteElo "1099"]
[BlackElo "1190"]
[PlyCount "76"]
[EventDate "2022.01.15"]
[EventType "swiss"]
[EventRounds "7"]
[EventCountry "ESP"]
[SourceTitle "EXT 2023"]
[Source "ChessBase"]
[SourceDate "2022.10.05"]
[SourceVersion "1"]
[SourceVersionDate "2022.10.05"]
[SourceQuality "1"]

1. c4 c5 2. g3 d5 3. cxd5 Qxd5 4. Nf3 Bg4 5. Nc3 Qd7 6. Ne5 Qe6 7. Nxg4 Qxg4 8. Bg2 Nc6 9. d3 e6 10. Be3 Rd8 11. Bxc6+ bxc6 12. Qc2 Qb4 13. 0-0 Nf6 14. Bd2 Be7 15. Rfd1 0-0 16. Ne4 Qb6 17. Be3 Nxe4 18. dxe4 Qb5 19. b3 Rd6 20. Rxd6 Bxd6 21. a4 Qa5 22. Rc1 c4 23. Qxc4 Rc8 24. Rd1 Qc7 25. Qd4 Rd8 26. e5 Be7 27. Qa1 Rd5 28. Rxd5 cxd5 29. Qd4 a5 30. f4 g6 31. Qd3 Bc5 32. Bxc5 Qxc5+ 33. Kg2 d4 34. Qb5 Qc3 35. Qc4 Qe3 36. Kh3 h5 37. Qd3 Qf2 38. Qd1 Kg7 1/2-1/2

[Event "Alcorcon Diagonal op 1st"]
[Site "Alcorcon"]
[Date "2022.02.19"]
[Round "6"]
[White "Rodil Gavala, Alejandro"]
[Black "Lopez Herrero, Israel"]
[Result "0-1"]
[WhiteElo "1190"]
[BlackElo "1598"]
[PlyCount "42"]
[EventDate "2022.01.15"]
[EventType "swiss"]
[EventRounds "7"]
[EventCountry "ESP"]
[SourceTitle "EXT 2023"]
[Source "ChessBase"]
[SourceDate "2022.10.05"]
[SourceVersion "1"]
[SourceVersionDate "2022.10.05"]
[SourceQuality "1"]

1. d4 Nf6 2. Nc3 g6 3. Bf4 d6 4. e3 Bg7 5. Nf3 0-0 6. e4 c5 7. Qd2 cxd4 8. Nd5 Nxe4 9. Qc1 Qa5+ 10. Nc3 dxc3 11. b3 Nd2 12. a4 Qf5 13. Be3 d5 14. Bd3 Nxf3+ 15. gxf3 Qxf3 16. Rg1 Qh3 17. Bf4 e5 18. Bf1 Qh4 19. Bg5 Qe4+ 20. Be2 Bf5 21. f3 Qxc2 0-1